| 000 | 00686nam a2200217Ia 4500 | ||
|---|---|---|---|
| 003 | GCL | ||
| 008 | 140319s9999 xx 000 0 ara d | ||
| 020 | _a4445819977 | ||
| 040 |
_aGCL / _cGCL |
||
| 082 | 0 | 4 |
_a158.4 _bم س |
| 100 | 1 | _aمجدى عبدالكريم حبيب | |
| 245 | 1 | 0 |
_aسيكولوجية صنع القرار / _cمجدى عبدالكريم حبيب |
| 250 | _aالاولى | ||
| 260 |
_aالقاهرة : _bمكتبة النهضة المصرية ، _c1997 |
||
| 300 |
_a307 ص ؛ _c24 سم |
||
| 650 | 0 | 4 | _aعلم النفس |
| 650 | 0 | 4 | _aالقيادة |
| 650 | 0 | 4 | _aاتخاذ القرارات |
| 650 | 0 | 4 | _aعلم النفس الفردى |
| 942 |
_2ddc _cBK |
||
| 999 |
_c52111 _d52111 |
||